Latin Script Languages with 1 million speakers - Statistics

General Stats
  • This quiz has been taken 260 times
    218 since last reset
  • The average score is 50 of 134
Answer Stats
Native Speakers Language % Correct
400 million English
99%
450 million Spanish
99%
76.8 million French
97%
90 million German
97%
220 million Portuguese
97%
22 million Dutch
94%
69 million Italian
94%
55 million Polish
90%
26 million Romanian
90%
9.6 million Swedish
90%
10.7 million Czech
89%
5.2 million Norwegian
89%
5.4 million Finnish
88%
21 million Serbo-Croatian
88%
78.5 million Turkish
88%
5.5 million Danish
86%
5.2 million Slovak
85%
5 million Catalan
83%
1.8 million Latvian
83%
77 million Malay
83%
3.1 million Lithuanian
82%
1.1 million Estonian
81%
75 million Vietnamese
81%
13 million Hungarian
79%
2.5 million Slovene
73%
15 million Swahili
72%
28 million Tagalog
72%
5.4 million Albanian
70%
7.2 million Afrikaans
69%
12 million Zulu
68%
30 million Azeri
65%
2.4 million Galician
64%
8.2 million Xhosa
64%
32 million Uzbek
61%
94 million Javanese
60%
50 million Igbo
58%
4.7 million Sicilian
58%
7.5 million Turkmen
57%
10 million Quechua
56%
28 million Yoruba
56%
15 million Kazakh
55%
1 million Sardinian
55%
9.6 million Haitian Creole
53%
15 million Somali
53%
43.7 million Hausa
51%
5.6 million Sesotho
51%
4.7 million Northern Sotho
49%
5.2 million Tswana
45%
3.9 million Venetian
44%
18 million Malagasy
43%
40 million Sundanese
43%
2.3 million Swazi
42%
21.1 million Cebuano
41%
4.8 million Guaraní
38%
9.8 million Kinyarwanda
38%
5.7 million Neapolitan
38%
1.7 million Aymara
35%
14 million Bavarian
35%
30 million Kurdish
35%
3.9 million Lombard
35%
1.6 million Northern Ndebele
35%
1.1 million Southern Ndebele
35%
5.2 million Wolof
35%
1.2 million Scots
33%
34.5 million Oromo
32%
24 million Fula
31%
5.6 million Kabyle
31%
4.2 million Riffian
31%
1.3 million Venda
31%
8.8 million Kirundi
29%
14.2 million Shona
27%
12 million Chewa
26%
12 million Tsonga
26%
3.3 million Balinese
22%
6.5 million Kongo
21%
1.7 million Nahuatl
21%
32 million Akan
20%
2.7 million Afar
19%
9.1 million Ilocano
19%
5.7 million Lingala
19%
6.7 million Low Saxon
19%
1 million Mauritian Creole
18%
3.5 million Acehnese
15%
4.1 million Ganda
15%
4.7 million Hmong
15%
3.2 million Jamaican Creole
14%
1.7 million Emilian-Romagnol
13%
9.3 million Hiligaynon
13%
2.1 million Makassarese
13%
6.6 million Kikuyu
11%
6.7 million Madurese
11%
7.6 million Mossi
11%
1.2 million Antillean Creole
10%
1.2 million Batak Dairi
10%
1.1 million Batak Mandailing
10%
1.2 million Batak Simalungun
10%
2 million Batak Toba
10%
5 million Buginese
10%
1.4 million Chechen
10%
6.6 million Ewe
10%
1.9 million Kapampangan
9%
1.3 million Limburgish
9%
2.5 million Bikol
8%
2.7 million Bouyei
8%
1.3 million Guibei
8%
2.8 million Hongshuihe
8%
1.3 million Liujiang
8%
1.3 million Mandinka
8%
5.5. million Minangkabau
8%
2.6 million Waray-Waray
8%
1.4 million Yongbei
8%
1.5 million Yongnan
8%
16 million Zhuang
8%
1.4 million Zuojiang
8%
4.5 million Kituba
7%
6.3 million Luba-Kasai
7%
7.1 million Alemannic
6%
3.5 million Banjarese
6%
4.1 million Bemba
6%
4.9 million Franconian
6%
1.5 million Luba-Katanga
6%
1.2 million Pangasinan
6%
2.7 million Sasak
6%
2.1 million Soninke
6%
1 million Trinidadian Creole
6%
5 million Betawi
3%
6.6 million Makhuwa
3%
5.4 million Sukuma
3%
2.3 million Konkani
2%
1.4 million Serer
2%
1 million Khasi
1%
1.1 million Tausug
1%
1.6 million Tày
1%
1.4 million Gogo
0%
No matching quizzes found
Score Distribution
Percent of People with Each Score
Percentile by Number Answered
Your Score History
You have not taken this quiz since the last reset